000 00952cam a2200301 a 4500
999 _c3728
_d3728
001 15874959
003 GZU
005 20201209133429.0
008 090820s2010 caua b 001 0 eng
010 _a 2009935290
020 _a9781446270479
040 _aDLC
_cDLC
042 _apcc
050 0 0 _aHQ1061
_bSAG 2013
245 0 4 _aThe Sage handbook of social gerontology /
_cedited by Dale Dannefer and Chris Phillipson.
260 _aLos Angeles :
_bSage Publications,
_c2013
300 _axxiv, 685 p. :
_bill. ;
_c26 cm.
504 _aIncludes bibliographical references and indexes.
650 0 _aSocial gerontology.
650 0 _aAging
_xSocial aspects.
650 0 _aOlder people
_xSocial conditions.
650 0 _aSocial networks.
700 1 _aDannefer, Dale.
700 1 _aPhillipson, Chris.
906 _a7
_bcbc
_corignew
_d2
_eepcn
_f20
_gy-gencatlg
942 _2lcc
_cBK
_h1061
_iSAG
_kHQ